| 000 | 00871nam a22003017a 4500 | ||
|---|---|---|---|
| 001 | 0049813 | ||
| 003 | KOHA_MİRAKIL | ||
| 005 | 20260207003705.0 | ||
| 007 | ta | ||
| 008 | 150629b2014 tu |||gr||||#||||0|tur | | ||
| 020 | _a9786054798612 | ||
| 040 |
_aTR-BiSEU _btur _cTR-BiSEU _erda |
||
| 041 | 0 | _atur | |
| 044 | _ctu | ||
| 050 |
_aQA297 _b.Y85 2014 |
||
| 100 | 1 | _aYüksel, İbrahim. | |
| 245 | 1 |
_aMATLAB ile mühendislik sistemlerinin analizi ve çözümü/ _cİbrahim Yüksel ; İbrahim Yüksel. |
|
| 264 | 1 |
_aBursa : _bDora Yayınları _c2014 |
|
| 300 | _a396 sayfa; 25 cm. | ||
| 336 |
_ametin _btxt _2rdacontent |
||
| 337 |
_aaracısız _bn _2rdamedia |
||
| 338 |
_acilt _bnc _2rdacarrier |
||
| 500 | _aDizin var. | ||
| 500 | _aKaynakça var. | ||
| 650 | 0 |
_aMatlab. _92533 |
|
| 650 | 0 |
_aSayısal çözümleme--Bilgi işlem. _92534 |
|
| 942 |
_2lcc _cBK |
||
| 999 |
_c49649 _d49649 |
||